Bojack Horseman Characters - Statistics

General Stats
  • This quiz has been taken 273 times
  • The average score is 30 of 127
Answer Stats
Answer % Correct
BoJack Horseman
100%
Princess Carolyn
91%
Mr. Peanutbutter
90%
Todd Chavez
89%
Diane Nguyen
87%
Sarah Lynn
74%
Beatrice Elizabeth Horseman
68%
Herb Kazzaz
68%
Hollyhock Manheim-Mannheim-Guerrero-Robinson-Zilberschlag-Hsung-Fonzarelli-McQuack
67%
Butterscotch Horseman
58%
Judah
52%
Wanda Pierce
52%
Pickles Aplenty
50%
"Character Actress" Margo Martindale
48%
Skinny Gina
47%
Gina Cazador
46%
Secretariat
45%
Sextina Aquafina
45%
Lenny Turteltaub
44%
Captain Peanutbutter
43%
Vanessa Gekko
43%
Jessica Biel
42%
Daniel Radcliffe
41%
Pinky Penguin
40%
Ruthie
38%
Kelsey Jannings
37%
Joseph Sugarman
36%
Ralph Stilton
36%
Honey Sugarman
35%
Rutabaga Rabbitowitz
35%
Emily
34%
Katrina
34%
Penny Carson
33%
Vincent Adultman
33%
Andrew Garfield
31%
Officer Meow Meow Fuzzyface
31%
Ana Spanikopita
30%
Cuddlywhiskers
29%
J. D. Salinger
29%
Kyle
29%
Quentin Tarantulino
27%
Neal McBeal
26%
Charley Witherspoon
25%
Courtney Portnoy
25%
Flip McVicker
25%
Woodcharles "Woodchuck" Coodchuck-Berkowitz
25%
Bradley Hitler-Smith
24%
Stefani Stilton
24%
Jill Pill
23%
A Ryan Seacrest Type
22%
Erica
22%
Corduroy Jackson-Jackson
21%
Mr. Witherspoon
21%
Angela Diaz
20%
Zach Braff
20%
Dr. Allen Hu
18%
Tina
18%
Tom Jumbo-Grumbo
18%
Eddie
17%
Joelle Clark
17%
Laura
17%
Trip
17%
Wayne
17%
Charlotte Moore
16%
Pig Doctor
15%
Abe D’Catfish
14%
Hank Hippopopalous
14%
Henry Fondle
14%
Jurj Clooners
14%
Sadie
14%
Sebastian St. Clair
14%
Vance Waggoner
14%
Yolanda Buenaventura
14%
Gary Nguyen
13%
Roxie
13%
Tracy
13%
Biscuits Braxby
12%
Henry Winkler
12%
Irving Jannings
12%
Marty Nguyen
12%
Tommy Nguyen
12%
Zoë and Zelda
12%
Artie Nguyen
11%
Henrietta Platchkey
11%
Mrs. Nguyen
11%
Oxnard
11%
Paparazzi Birds
11%
Commanding Officer
9%
Copernicus
9%
Dr. Indira
9%
Mindy Buenaventura
9%
Naomi Watts
9%
Cutie Cutie Cupcake
8%
Mr. Buenaventura
8%
Wallace Shawn
8%
Amanda Hannity
7%
Heather
7%
Paul McCartney
7%
Angelica Buenaventura
6%
Cow Waitress
6%
Mary-Beth
6%
Richie “Goober” Osborne
6%
Sandro
6%
The Closer
6%
Abel Ziegler
5%
Cooper Thomas Rogers Wallace, Jr.
5%
Cooper Thomas Rogers Wallace, Sr.
5%
Lance Bass
5%
Matthew Fox
5%
Mia McKibbin
5%
Queen Antonia
5%
Scott Wolf
5%
Unnamed News Reporter
5%
Ziggy Abler
5%
Alexi Brosefino
4%
Clemelia Bloodsworth
4%
Dr. Janet
4%
Jogging Baboon
4%
Marcy
4%
Marv Sbarbori
4%
Otter Judge
4%
Tilda Madison
4%
Unnamed Hedgehog
3%
Lion Musician
2%
Mikaela
2%
Mother Superior
1%
No matching quizzes found
Score Distribution
Percent of People with Each Score
Percentile by Number Answered
Your Score History
You have not taken this quiz